<?xml version="1.0" encoding="UTF-8"?>
<collection xmlns="http://www.loc.gov/MARC21/slim">
 <record>
  <leader>     na                 </leader>
  <controlfield tag="001">INLIS000000000005675</controlfield>
  <controlfield tag="005">20260408112622</controlfield>
  <datafield tag="035" ind1=" " ind2=" ">
   <subfield code="a">0010-0226000003</subfield>
  </datafield>
  <controlfield tag="007">ta</controlfield>
  <controlfield tag="008">260408                           0 ind  </controlfield>
  <datafield tag="020" ind1=" " ind2=" ">
   <subfield code="a">978-979-582-402-2</subfield>
  </datafield>
  <datafield tag="245" ind1="1" ind2=" ">
   <subfield code="a">Pendayagunaan Penyuluh Pertanian Mendukung Swasembada Pangan /</subfield>
   <subfield code="c">Andi Amran Sulaiman...[et.al]</subfield>
  </datafield>
  <datafield tag="250" ind1=" " ind2=" ">
   <subfield code="a">Ed. 1</subfield>
  </datafield>
  <datafield tag="260" ind1=" " ind2=" ">
   <subfield code="a">Jakarta :</subfield>
   <subfield code="b">Pertanian Press,</subfield>
   <subfield code="c">2025</subfield>
  </datafield>
  <datafield tag="300" ind1=" " ind2=" ">
   <subfield code="a">viii, 87 hal.; ilus ; 21 cm</subfield>
  </datafield>
  <datafield tag="650" ind1=" " ind2="4">
   <subfield code="a">Penyuluh Pertanian</subfield>
  </datafield>
  <datafield tag="650" ind1=" " ind2="4">
   <subfield code="a">Swasembada Pangan</subfield>
  </datafield>
  <datafield tag="700" ind1="0" ind2=" ">
   <subfield code="a">SULAIMAN, Amran</subfield>
  </datafield>
  <datafield tag="082" ind1=" " ind2=" ">
   <subfield code="a">63.04:338.43</subfield>
  </datafield>
  <datafield tag="084" ind1=" " ind2=" ">
   <subfield code="a">63.04:338.43 PEN</subfield>
  </datafield>
  <datafield tag="111" ind1="0" ind2=" ">
   <subfield code="a">Pendayagunaan Penyuluh Pertanian Mendukung Swasembada Pangan</subfield>
  </datafield>
  <datafield tag="520" ind1=" " ind2=" ">
   <subfield code="a">Penyuluh pertanian memiliki peran strategis dalam mendukung keberhasilan pembangunan sektor pertanian. Selain berfungsi sebagai penyampai informasi, penyuluh dituntut mampu mendorong perubahan perilaku, memfasilitasi adopsi inovasi, serta memperkuat kapasitas petani dalam meningkatkan produktivitas dan daya saing usaha tani. Pemberdayaan penyuluh yang terarah dan sistematis menjadi faktor kunci dalam memastikan efektivitas program pembangunan pertanian, termasuk pencapaian swasembada pangan.&#13;
Buku ini menyajikan pembahasan komprehensif mengenai penguatan peran dan kapasitas penyuluh pertanian, mencakup urgensi penataan sistem penyuluhan yang terintegrasi, standar kompetensi yang harus dimiliki, serta pemanfaatan teknologi digital dalam mendukung proses penyuluhan yang adaptif dan responsif. Selain itu, diuraikan pula berbagai tantangan implementasi di lapangan beserta alternatif solusi untuk meningkatkan kinerja penyuluhan secara berkelanjutan.&#13;
Dilengkapi dengan praktik baik dan kisah sukses program penyuluhan, buku ini memberikan gambaran aplikatif mengenai strategi pemberdayaan penyuluh sebagai penggerak utama pembangunan pertanian. Kehadirannya diharapkan menjadi referensi bagi pemangku kebijakan, penyuluh, akademisi, dan masyarakat dalam memperkuat sistem penyuluhan yang profesional dan berdampak nyata terhadap kemajuan sektor pertanian nasional.&#13;
&#13;
Penyuluh pertanian memiliki peran strategis dalam mendukung keberhasilan pembangunan sektor pertanian. Selain berfungsi sebagai penyampai informasi, penyuluh dituntut mampu mendorong perubahan perilaku, memfasilitasi adopsi inovasi, serta memperkuat kapasitas petani dalam meningkatkan produktivitas dan daya saing usaha tani. Pemberdayaan penyuluh yang terarah dan sistematis menjadi faktor kunci dalam memastikan efektivitas program pembangunan pertanian, termasuk pencapaian swasembada pangan.&#13;
Buku ini menyajikan pembahasan komprehensif mengenai penguatan peran dan kapasitas penyuluh pertanian, mencakup urgensi penataan sistem penyuluhan yang terintegrasi, standar kompetensi yang harus dimiliki, serta pemanfaatan teknologi digital dalam mendukung proses penyuluhan yang adaptif dan responsif. Selain itu, diuraikan pula berbagai tantangan implementasi di lapangan beserta alternatif solusi untuk meningkatkan kinerja penyuluhan secara berkelanjutan.&#13;
Dilengkapi dengan praktik baik dan kisah sukses program penyuluhan, buku ini memberikan gambaran aplikatif mengenai strategi pemberdayaan penyuluh sebagai penggerak utama pembangunan pertanian. Kehadirannya diharapkan menjadi referensi bagi pemangku kebijakan, penyuluh, akademisi, dan masyarakat dalam memperkuat sistem penyuluhan yang profesional dan berdampak nyata terhadap kemajuan sektor pertanian nasional.&#13;
&#13;
Penyuluh pertanian memiliki peran strategis dalam mendukung keberhasilan pembangunan sektor pertanian. Selain berfungsi sebagai penyampai informasi, penyuluh dituntut mampu mendorong perubahan perilaku, memfasilitasi adopsi inovasi, serta memperkuat kapasitas petani dalam meningkatkan produktivitas dan daya saing usaha tani. Pemberdayaan penyuluh yang terarah dan sistematis menjadi faktor kunci dalam memastikan efektivitas program pembangunan pertanian, termasuk pencapaian swasembada pangan.&#13;
Buku ini menyajikan pembahasan komprehensif mengenai penguatan peran dan kapasitas penyuluh pertanian, mencakup urgensi penataan sistem penyuluhan yang terintegrasi, standar kompetensi yang harus dimiliki, serta pemanfaatan teknologi digital dalam mendukung proses penyuluhan yang adaptif dan responsif. Selain itu, diuraikan pula berbagai tantangan implementasi di lapangan beserta alternatif solusi untuk meningkatkan kinerja penyuluhan secara berkelanjutan.&#13;
Dilengkapi dengan praktik baik dan kisah sukses program penyuluhan, buku ini memberikan gambaran aplikatif mengenai strategi pemberdayaan penyuluh sebagai penggerak utama pembangunan pertanian. Kehadirannya diharapkan menjadi referensi bagi pemangku kebijakan, penyuluh, akademisi, dan masyarakat dalam memperkuat sistem penyuluhan yang profesional dan berdampak nyata terhadap kemajuan sektor pertanian nasional</subfield>
  </datafield>
  <datafield tag="990" ind1=" " ind2=" ">
   <subfield code="a">5107/BPPSDMP/2026</subfield>
  </datafield>
 </record>
</collection>
